000 00370nam a22001217a 4500
008 210507b ||||| |||| 00| 0 eng d
082 _a581.13 EXP
245 _aExplore Chelela`s floral and faunal diversity
260 _aThimphu :
_bRoyal Society for Protection of Nature,
_c2019.
300 _a58 p :
_bill,
_c24 cm.
650 _aFloral and Faunal Diversity
942 _2ddc
999 _c8732
_d8733